书目信息 |
| 题名: |
历史与社会课程标准(一)解读
|
|
| 作者: | 韩震 , 梁侠 主编 | |
| 分册: | ||
| 出版信息: | 北京 北京师范大学出版社 2002 |
|
| 页数: | 10,271页 | |
| 开本: | 23cm | |
| 丛书名: | 走进新课程丛书 | |
| 单 册: | ||
| 中图分类: | G632 , G633.2 | |
| 科图分类: | ||
| 主题词: | 历史课--课程标准--中小学 , 政治课--课程标准--中小学 , 历史课 , 课程标准 , 政治课 | |
| 电子资源: | ||
| ISBN: | 7-303-06090-1 | |
| 000 | 01056oam2 2200337 450 | |
| 001 | 1260054547 | |
| 005 | 20121006164207.01 | |
| 010 | @a7-303-06090-1@dCNY19.00 | |
| 100 | @a20020801d2002 em y0chiy0110 ea | |
| 101 | 0 | @achi |
| 102 | @aCN@b110000 | |
| 105 | @ay z 000yy | |
| 200 | 1 | @a历史与社会课程标准(一)解读@Ali shi yu she hui ke cheng biao zhun ( yi ) jie du@e实验稿@f韩震,梁侠主编 |
| 210 | @a北京@c北京师范大学出版社@d2002 | |
| 215 | @a10,271页@d23cm | |
| 225 | 2 | @a走进新课程丛书 |
| 300 | @a全日制义务教育 | |
| 304 | @a教育部基础教育司组织编写 | |
| 330 | @a本书内容包括:社会课程研制的背景及其基本思路、《历史与社会课程标准(一)》的目标设计、问题讨论及其展望等。 | |
| 461 | 0 | @12001 @a走进新课程丛书 |
| 606 | 0 | @a历史课@x课程标准@x中小学 |
| 606 | 0 | @a政治课@x课程标准@x中小学 |
| 606 | 0 | @a历史课 |
| 606 | 0 | @a课程标准 |
| 606 | 0 | @a政治课 |
| 690 | @aG632@v4 | |
| 690 | @aG633.2@v4 | |
| 701 | 0 | @a韩震@Ahan zhen@4主编 |
| 701 | 0 | @a梁侠@Aliang xia@4主编 |
| 801 | 0 | @aCN@bNLC@c20101222 |
| 905 | @a10447@dG632@eJY66:1 | |
| 历史与社会课程标准(一)解读:实验稿/韩震,梁侠主编.-北京:北京师范大学出版社,2002 |
| 10,271页;23cm.-(走进新课程丛书) |
| 全日制义务教育 |
| ISBN 7-303-06090-1:CNY19.00 |
| 本书内容包括:社会课程研制的背景及其基本思路、《历史与社会课程标准(一)》的目标设计、问题讨论及其展望等。 |
| ● |
| 相关链接 |
|
|
|
|
正题名:历史与社会课程标准(一)解读
索取号:G632/JY66:1
 
预约/预借
| 序号 | 登录号 | 条形码 | 馆藏地/架位号 | 状态 | 备注 |
| 1 | 7807682 | 278076822 | 学院路分馆/ [索取号:G632/JY66:1] | 在馆 | |
| 2 | 7807683 | 278076831 | 学院路分馆/ [索取号:G632/JY66:1] | 在馆 |